| 000 | 00731nam a2200229Ia 4500 | ||
|---|---|---|---|
| 005 | 20250508165327.0 | ||
| 008 | 008 250505s9999 xx 000 0 eng d | ||
| 020 | _a978-0-415-46903-6 | ||
| 037 | _aReference | ||
| 040 |
_aFEDL _beng _cFEDL |
||
| 041 |
_aeng _2eng |
||
| 084 |
_a428.007 1, WYS/RR _qFEDL |
||
| 100 | _aWyse Dominic Ed. | ||
| 245 | 0 | _aRoutledge international handbook of english, language and literacy teaching | |
| 260 |
_aLondon, UK _bRoutledge _c2010 |
||
| 300 | _axxiv, 556p. | ||
| 365 |
_aGBP _b50 |
||
| 490 | _aRoutledge International Handbook Series | ||
| 700 |
_a Andrews Richard Ed. Hoffman James Ed. _9780507 |
||
| 942 |
_cREF _h428.007 1, WYS/RR |
||
| 999 |
_c1394480 _d1394480 |
||